000 00248 a2200109 4500
020 _a9788425520556
041 _aspa
100 _aVictor Fernandez
245 _aAutoproteccion defensa personal familiar y del hogar
942 _cBK
999 _c18306
_d18306
999 _d18306